| 000 | 00705nam a2200229 a 4500 | ||
|---|---|---|---|
| 003 | OSt | ||
| 005 | 20230831085227.0 | ||
| 007 | ta | ||
| 008 | 230206s2016 mx a|||| |||| 001 0 spa d | ||
| 020 | _a9786076227244 | ||
| 040 | _cCHAP | ||
| 082 | 0 | 4 |
_222 _a005.54 _bA65a 2016 |
| 245 | 0 | 1 |
_aAprender a programar con Excel 2016 VBA con 100 ejercicios prácticos / _c[MEDIAactive] |
| 264 | 1 |
_aMéxico : _bAlfaomega, _c2016. |
|
| 300 | _a216 páginas | ||
| 490 | 1 | _aComputación. | |
| 650 | 0 |
_aMicrosoft Excel (Programa de computadora) _9154176 |
|
| 650 | 4 |
_955866 _aHojas de cálculo electrónico |
|
| 710 | 1 |
_9124449 _aMEDIAactive |
|
| 830 | 0 |
_9187641 _aComputación. _pProgramación. |
|
| 942 |
_cLibro _2ddc |
||
| 999 |
_c218278 _d218278 |
||